Jumbled Sets III Quiz Stats

 Plays Quiz Updated Aug 10, 2017

Support Sporcle.
Go Orange.
Score 0/30 Timer 09:00
0 Plays Today
% Correct
E - Violin
85.5%
L - Piano
85.2%
O - Tiger
71.4%
I - Spades
62.5%
T - Blair
60.2%
E - Brown
55.5%
R - Salmon
55.4%
Flute
55.3%
W - Hearts
55.1%
E - Rhino
52.7%
U - Clarinet
50.8%
O - Elephant
46.9%
Green
45.2%
G - Sepia
44.6%
Moose
40.3%
% Correct
E - Orchid
38.8%
T - Nines
37.3%
S - Weasel
36.1%
Whist
33.2%
N - Lavender
32.6%
F - Triangle
31.9%
Heath
29.9%
M - Leopard
28.8%
H - Cameron
28.2%
H - Attlee
28%
S - Pinochle
25%
E - Scarlet
24.3%
A - Disraeli
21.4%
T - Celesta
12.9%
H - Patience
10.5%

You're not logged in!

Compare scores with friends on all Sporcle quizzes.
OR
Log In
Forgot?

From the Vault

Name the Two HIMYM Characters Who...

by DavidHoban

For five New Yorkers, this group has quite a few experiences under their belts.
Remove Ads.
Support Sporcle.
Get the best of Sporcle when you Go Orange. This ad-free experience offers more features, more stats, and more fun while also helping to support Sporcle. Thank you for becoming a member.

Show Comments

Extras

Top Quizzes Today


Score Distribution

Your Account Isn't Verified!

In order to create a playlist on Sporcle, you need to verify the email address you used during registration. Go to your Sporcle Settings to finish the process.

Report this User

Report this user for behavior that violates our Community Guidelines.

Details: